[Event "BL 9394 Koblenz-Dortmund"]
[Site "?"]
[Date "1993.??.??"]
[Round "?.3"]
[White "Kalka, A."]
[Black "Fritsche, L."]
[Result "1/2-1/2"]
[WhiteElo "2345"]
[BlackElo "2375"]
[PlyCount "140"]
[EventDate "1993.??.??"]

1. e4 Nf6 2. e5 Nd5 3. d4 d6 4. Nf3 Nc6 5. c4 Nb6 6. e6 fxe6 7. Bd3 d5 8. Ng5
dxc4 9. Qh5+ Kd7 10. Bxh7 Qe8 11. Qg4 Kd8 12. Qe4 Nd5 13. Bg6 Nf6 14. Bxe8 Nxe4
15. Nf7+ Kxe8 16. Nxh8 Nxd4 17. Na3 Bd7 18. Be3 Nf5 19. Nxc4 Bb5 20. Rc1 g5 21.
Ng6 Bg7 22. Nge5 Rd8 23. g4 Nxe3 24. fxe3 Rd5 25. Nf3 Rc5 26. b3 Ba6 27. O-O
Nc3 28. Nd4 Bxd4 29. exd4 Ne2+ 30. Kf2 Nxd4 31. Rfe1 Rd5 32. Ne3 Ra5 33. Ra1 c5
34. Rec1 b6 35. Nc2 Nc6 36. Re1 Bd3 37. Ne3 Nd4 38. Rec1 Rb5 39. h3 Rb4 40. Rc3
Ba6 41. Nc2 Nxc2 42. Rxc2 e5 43. Re1 Bd3 44. Rd2 Rf4+ 45. Kg3 e4 46. Re3 e5 47.
h4 gxh4+ 48. Kxh4 b5 49. Kg3 c4 50. bxc4 bxc4 51. Rf2 Rf7 52. Rxf7 Kxf7 53. Kf2
Kg6 54. Rg3 Kg5 55. Ke3 Bb1 56. a3 c3 57. Rg2 c2 58. Rg1 a6 59. Kd2 Kf4 60. g5
e3+ 61. Kc1 Kf3 62. Rf1+ Ke4 63. g6 e2 64. Rh1 Ke3 65. g7 Ba2 66. Kxc2 e4 67.
Rh3+ Kf2 68. Rh2+ Kf1 69. Rh1+ Kg2 70. Kd2 Kxh1 1/2-1/2

[Event "BL 9394 Koblenz-Dortmund"]
[Site "?"]
[Date "1993.??.??"]
[Round "?.4"]
[White "Wolf, V."]
[Black "Lingnau, C."]
[Result "0-1"]
[WhiteElo "2315"]
[BlackElo "2395"]
[PlyCount "82"]
[EventDate "1993.??.??"]

1. e4 c5 2. Nf3 d6 3. d4 cxd4 4. Nxd4 Nf6 5. Nc3 a6 6. Be2 e6 7. O-O Be7 8. f4
Qc7 9. g4 O-O 10. g5 Nfd7 11. f5 Ne5 12. f6 Bd8 13. a4 Nbc6 14. Kh1 Bd7 15. Be3
Na5 16. Rf4 Ng6 17. Rf3 Nc6 18. Nxc6 Bxc6 19. Rh3 gxf6 20. Bc4 Bxe4+ 21. Nxe4
Qxc4 22. Nxd6 Qc6+ 23. Kg1 Bb6 24. Nc4 Qxc4 25. Bxb6 Nf4 26. Rf3 fxg5 27. Qd2
h6 28. b3 Qe4 29. Qf2 Rac8 30. c4 e5 31. Re1 Qf5 32. Qe3 Rfe8 33. h3 Rc6 34. a5
Rg6 35. Bc7 Ree6 36. Qc3 g4 37. Rg3 Nxh3+ 38. Kh1 Nf2+ 39. Kg1 Ne4 40. Qe3 Nxg3
41. Qxg3 Qf3 0-1

[Event "BL 9394 Koblenz-Dortmund"]
[Site "?"]
[Date "1993.??.??"]
[Round "?.5"]
[White "Buecker, S."]
[Black "Schlick, V."]
[Result "1-0"]
[WhiteElo "2335"]
[BlackElo "2315"]
[PlyCount "149"]
[EventDate "1993.??.??"]

1. e4 g6 2. Nc3 Bg7 3. g3 e6 4. Bg2 Ne7 5. d3 d5 6. Nf3 h6 7. O-O O-O 8. a4 a5
9. Re1 Na6 10. d4 Nb4 11. e5 b6 12. Ne2 Ba6 13. Nf4 c5 14. c3 Nbc6 15. h4 cxd4
16. cxd4 Qd7 17. Bd2 b5 18. Nd3 Qa7 19. axb5 Bxb5 20. Bc3 Bxd3 21. Qxd3 Qb6 22.
Ra4 Nb4 23. Bxb4 axb4 24. Rea1 Qc6 25. Rxa8 Rxa8 26. Rxa8+ Qxa8 27. Bf1 Qa4 28.
Nd2 Nc6 29. Nb3 Bf8 30. Be2 Qa2 31. Qc2 Na5 32. Nxa5 Qxa5 33. h5 g5 34. Kg2 Qa1
35. Bd1 Qa6 36. Be2 b3 37. Qd1 Qa2 38. Qc1 Kg7 39. Bd3 Qa4 40. Qe3 Qa1 41. Qd2
Be7 42. Be2 Qb1 43. Bd3 Bb4 44. Qe2 Qc1 45. Qf3 Be7 46. Qe2 Kg8 47. Qf3 Kg7 48.
Qe2 Bd8 49. Bb5 Qc2 50. Qf3 Kf8 51. Bd7 Kg7 52. Be8 f5 53. g4 f4 54. Ba4 Qxb2
55. Qd3 Qc2 56. Qb5 f3+ 57. Kg3 Qc7 58. Bxb3 Qf7 59. Kh3 Be7 60. Bc2 Bd8 61.
Qd3 Kg8 62. Qa6 Kg7 63. Bg6 Qe7 64. Kg3 Bc7 65. Qc8 Bb6 66. Qc3 Qf8 67. Kh3 Qe7
68. Bc2 Qf7 69. Bb1 Qf4 70. Bg6 Bd8 71. Qc8 Qf8 72. Qxe6 Be7 73. Qxd5 Qf4 74.
Qd7 Qf8 75. d5 1-0

[Event "BL 9394 Koblenz-Dortmund"]
[Site "?"]
[Date "1993.??.??"]
[Round "?.6"]
[White "Polster, W."]
[Black "Seger, R."]
[Result "1/2-1/2"]
[WhiteElo "2370"]
[BlackElo "2355"]
[PlyCount "80"]
[EventDate "1993.??.??"]

1. e4 c6 2. d4 d5 3. Nc3 dxe4 4. Nxe4 Bf5 5. Ng3 Bg6 6. N1e2 Nf6 7. Nf4 e5 8.
Nxg6 hxg6 9. dxe5 Qxd1+ 10. Kxd1 Ng4 11. Ne4 Nxe5 12. Be2 Be7 13. c3 Ned7 14.
Bf4 Nc5 15. Nxc5 Bxc5 16. Bg3 Nd7 17. Kc2 O-O 18. Bf3 Rfe8 19. Rhe1 a5 20. Rad1
Rxe1 21. Rxe1 Kf8 22. a4 Re8 23. Rxe8+ Kxe8 24. Kd3 Ke7 25. Bd1 Bd6 26. Bxd6+
Kxd6 27. f4 Nc5+ 28. Kd4 g5 29. fxg5 Ne6+ 30. Ke4 Nxg5+ 31. Kf5 Ne6 32. h4 Nf8
33. g3 Ke7 34. Ke5 Nd7+ 35. Kf5 Nf8 36. Bc2 Kd6 37. Bb3 Ke7 38. g4 f6 39. g5
fxg5 40. hxg5 Kd6 1/2-1/2

[Event "BL 9394 Koblenz-Dortmund"]
[Site "?"]
[Date "1993.??.??"]
[Round "?.7"]
[White "Straeter, T."]
[Black "Bohn, T."]
[Result "1/2-1/2"]
[WhiteElo "2355"]
[BlackElo "2355"]
[PlyCount "100"]
[EventDate "1993.??.??"]

1. d4 e6 2. Nf3 f5 3. Bg5 Nf6 4. Nbd2 d5 5. e3 Bd6 6. Ne5 O-O 7. f4 c5 8. c3
Nc6 9. Be2 Bd7 10. O-O Be8 11. a3 a5 12. a4 Qb6 13. Kh1 cxd4 14. cxd4 Qxb2 15.
Bxf6 gxf6 16. Nec4 dxc4 17. Nxc4 Qb4 18. Rb1 Bc7 19. Rxb4 Nxb4 20. Bf3 Rb8 21.
Na3 Nd5 22. Qb3 Bc6 23. Nb5 Rf7 24. Rc1 Rd8 25. Na7 Be8 26. Bxd5 exd5 27. Qxb7
Bxf4 28. Qb6 Rb8 29. Qe6 Bd7 30. Qxd5 Bxe3 31. Re1 Kg7 32. Nb5 f4 33. Nd6 Re7
34. Qxa5 Kg6 35. Qc7 Rb2 36. Nc4 Bh3 37. Qc6 Bxg2+ 38. Qxg2+ Rxg2 39. Kxg2 Ra7
40. Nxe3 fxe3 41. Ra1 Kf5 42. Kf3 e2 43. Kxe2 Ke4 44. a5 Kxd4 45. a6 Kc5 46.
Kf3 Kb6 47. Kf4 Rxa6 48. Rxa6+ Kxa6 49. Kf5 Kb7 50. Kxf6 Kc8 1/2-1/2

[Event "BL 9394 Koblenz-Dortmund"]
[Site "?"]
[Date "1993.??.??"]
[Round "?.8"]
[White "Hammes, M."]
[Black "Gabler, B."]
[Result "1-0"]
[WhiteElo "2220"]
[BlackElo "2315"]
[PlyCount "99"]
[EventDate "1993.??.??"]

1. d4 Nf6 2. c4 e6 3. Nf3 Bb4+ 4. Bd2 Qe7 5. g3 Nc6 6. Nc3 O-O 7. Bg2 Bxc3 8.
Bxc3 Ne4 9. Rc1 d6 10. O-O e5 11. d5 Nxc3 12. Rxc3 Nb8 13. b4 a5 14. a3 axb4
15. axb4 Bd7 16. Qc2 Na6 17. Rb1 f5 18. Nd2 f4 19. Be4 g6 20. c5 fxg3 21. fxg3
Bg4 22. Qd3 Qf6 23. Nf3 Bf5 24. c6 Bxe4 25. Qxe4 bxc6 26. Rxc6 Rfc8 27. Qc4 e4
28. Qxe4 Nb8 29. Rcc1 Nd7 30. Nd4 Nb6 31. Ne6 Re8 32. Rxc7 Nxd5 33. Qxd5 Qxe6
34. Qd4 Qe3+ 35. Qxe3 Rxe3 36. Kf2 Re6 37. Rb2 Rf8+ 38. Ke1 Rb8 39. b5 d5 40.
Rc5 Rd6 41. Kd2 h6 42. Kc3 Kf7 43. Kd4 Ke6 44. Rc7 Rdb6 45. Kc5 d4 46. Rb4 Ke5
47. Rc6 Rxc6+ 48. Kxc6 Rc8+ 49. Kd7 Rc2 50. b6 1-0

[Event "BL 9394 Porz-Solingen"]
[Site "?"]
[Date "1993.??.??"]
[Round "?.1"]
[White "Chandler, M."]
[Black "Lutz, C."]
[Result "1/2-1/2"]
[WhiteElo "2565"]
[BlackElo "2605"]
[PlyCount "112"]
[EventDate "1993.??.??"]

1. e4 c5 2. Nf3 d6 3. d4 cxd4 4. Nxd4 Nf6 5. Nc3 Nc6 6. Bg5 e6 7. Qd2 a6 8.
O-O-O h6 9. Be3 Be7 10. f4 Bd7 11. h3 b5 12. Bd3 Nxd4 13. Bxd4 b4 14. Ne2 e5
15. Be3 Qa5 16. Kb1 O-O 17. g4 exf4 18. Bxf4 Be6 19. Nc1 d5 20. e5 Ne4 21. Qe2
Qb6 22. Bxe4 dxe4 23. Qxe4 a5 24. Rh2 a4 25. b3 Rfc8 26. Be3 Qc7 27. h4 Ra5 28.
Bf4 axb3 29. cxb3 Bxg4 30. Rd4 Be6 31. Rc2 Rc5 32. Rxc5 Qxc5 33. h5 Qc7 34. Ne2
Rd8 35. Bd2 Qc8 36. Rxd8+ Qxd8 37. Nd4 Bd5 38. Qe1 Bg5 39. Bxb4 Bb7 40. Bc3 Qd5
41. Qe2 Qh1+ 42. Qe1 Qxh5 43. a4 Qg6+ 44. Kb2 h5 45. Qe2 h4 46. Qb5 Bg2 47. e6
fxe6 48. Nxe6 Bf6 49. Qc4 Bxc3+ 50. Kxc3 Qf6+ 51. Kb4 Kh7 52. Qg4 Kh6 53. Nf4
Qd4+ 54. Ka3 Qa1+ 55. Kb4 Qd4+ 56. Ka3 Qa1+ 1/2-1/2

[Event "BL 9394 Porz-Solingen"]
[Site "?"]
[Date "1993.??.??"]
[Round "?.3"]
[White "Podzielny, KH."]
[Black "Hickl, J."]
[Result "1-0"]
[WhiteElo "2470"]
[BlackElo "2570"]
[PlyCount "69"]
[EventDate "1993.??.??"]

1. d4 Nf6 2. Nf3 e6 3. Bg5 c5 4. e3 d6 5. dxc5 Qa5+ 6. Nbd2 Qxc5 7. Bxf6 gxf6
8. Bd3 Nd7 9. O-O f5 10. a4 Bg7 11. c3 a6 12. a5 Qc7 13. Nd4 Ne5 14. Be2 O-O
15. f4 Ng6 16. Bd3 Rb8 17. Qe2 Kh8 18. N2f3 Bf6 19. g3 Rg8 20. Kh1 Bd7 21. e4
fxe4 22. Bxe4 Rbe8 23. Rae1 Rg7 24. Qd2 Ne7 25. Rg1 Nc6 26. g4 Bxd4 27. Nxd4
Nxa5 28. f5 exf5 29. gxf5 Rxe4 30. Rxe4 Bc6 31. Nxc6 Qxc6 32. Qd4 f6 33. Rxg7
Kxg7 34. Kg1 Qc5 35. b4 1-0

[Event "BL 9394 Porz-Solingen"]
[Site "?"]
[Date "1993.??.??"]
[Round "?.4"]
[White "Vaganian, R."]
[Black "Zysk, R."]
[Result "1-0"]
[WhiteElo "2615"]
[BlackElo "2440"]
[PlyCount "111"]
[EventDate "1993.??.??"]

1. Nf3 g6 2. e4 Bg7 3. d4 d6 4. c3 Nf6 5. Bd3 O-O 6. O-O c5 7. dxc5 dxc5 8. h3
Nc6 9. a4 Qc7 10. Na3 Rd8 11. Qc2 b6 12. Re1 Nd7 13. Bf1 Bb7 14. Nh2 Nf8 15.
Nb5 Qb8 16. Nf3 Nd7 17. Be3 a6 18. Na3 Qc7 19. Nd2 Nf8 20. Nb3 Ne6 21. Bc4 Ne5
22. Bxe6 fxe6 23. a5 Nd3 24. axb6 Qxb6 25. Nxc5 Nxc5 26. b4 Bxe4 27. Qxe4 Nxe4
28. Bxb6 Rdb8 29. Rxe4 Rxb6 30. Rc4 Rd8 31. Rc1 Rbd6 32. Kf1 Rd2 33. Nc2 Bh6
34. Ne3 Rf8 35. Ng4 Rdxf2+ 36. Nxf2 Bxc1 37. Ke2 Bf4 38. Rc6 Ra8 39. Nd3 Bd6
40. c4 Kf7 41. c5 Bh2 42. Ke3 Ke8 43. Ke4 Kd7 44. Rb6 Bc7 45. Ne5+ Kd8 46. Rxe6
Bxe5 47. Kxe5 Rb8 48. Rxa6 Rxb4 49. Kd5 Rf4 50. Ra8+ Kc7 51. Ra7+ Kd8 52. Kc6
Rf6+ 53. Kb7 Kd7 54. Ra2 e5 55. Rd2+ Ke6 56. Rd6+ 1-0

[Event "BL 9394 Porz-Solingen"]
[Site "?"]
[Date "1993.??.??"]
[Round "?.5"]
[White "Reeh, O."]
[Black "Vogt, L."]
[Result "1/2-1/2"]
[WhiteElo "2435"]
[BlackElo "2495"]
[PlyCount "124"]
[EventDate "1993.??.??"]

1. e4 c5 2. Nf3 d6 3. d4 cxd4 4. Nxd4 Nf6 5. Nc3 e6 6. f4 Nc6 7. Nf3 Be7 8. Bd3
O-O 9. O-O Nb4 10. Be2 b6 11. a3 Nc6 12. Qe1 Bb7 13. Bd3 Nd7 14. Qg3 Nc5 15.
Be3 Nxd3 16. cxd3 f5 17. Rad1 Qd7 18. Rfe1 Rae8 19. e5 dxe5 20. fxe5 Bd8 21. h4
Ne7 22. d4 Nd5 23. Nxd5 Bxd5 24. Ng5 Qe7 25. Bf2 Kh8 26. Nh3 Be4 27. Nf4 g5 28.
hxg5 Qxg5 29. Qh2 Qg7 30. Bh4 Bxh4 31. Qxh4 Rg8 32. Rd2 Qf7 33. Nh5 Rc8 34.
Qf6+ Qxf6 35. Nxf6 Rg3 36. Nxe4 fxe4 37. Rxe4 Rb3 38. Rf4 Rc7 39. Rf6 Re7 40.
Kf2 Kg7 41. Rf3 Rb5 42. Rc2 Kg6 43. Ke3 h5 44. Ke4 h4 45. Rh3 Kg5 46. g3 Rf7
47. Rg2 Rf1 48. gxh4+ Kh5 49. Rhh2 Re1+ 50. Re2 Rxb2 51. Rxe1 Rxh2 52. d5 Rxh4+
53. Kd3 Kg6 54. d6 Kf7 55. Rf1+ Ke8 56. Rf6 Kd7 57. Rf7+ Kc6 58. Rxa7 Kd5 59.
Rb7 Rh3+ 60. Kd2 Kxe5 61. d7 Rh8 62. Rxb6 Rd8 1/2-1/2

[Event "BL 9394 Porz-Solingen"]
[Site "?"]
[Date "1993.??.??"]
[Round "?.6"]
[White "Mainka, R."]
[Black "Schaefer, Ma"]
[Result "1/2-1/2"]
[WhiteElo "2515"]
[BlackElo "2455"]
[PlyCount "89"]
[EventDate "1993.??.??"]

1. Nf3 Nf6 2. c4 g6 3. g3 Bg7 4. d4 O-O 5. Bg2 d6 6. O-O Nbd7 7. Nc3 e5 8. e4
c6 9. b3 Qb6 10. d5 cxd5 11. cxd5 Nc5 12. Ne1 Bd7 13. Rb1 Rfc8 14. Kh1 a5 15.
f3 Qa6 16. a4 Nd3 17. Bd2 Rc5 18. Nb5 Bxb5 19. axb5 Qxb5 20. Nc2 Rc7 21. Ne3 a4
22. bxa4 Qxa4 23. Qe2 Qa6 24. Rfd1 Nc5 25. Qe1 Qa4 26. Bf1 Qe8 27. Nc4 Ra6 28.
Nb6 Ra3 29. Ra1 Rxa1 30. Rxa1 Na6 31. Qb1 h5 32. Nc4 Qd7 33. Ba5 Rc5 34. Be1
Qc7 35. Na5 b5 36. Nc6 Nb8 37. Bxb5 Nxc6 38. Bxc6 Kh7 39. Bf2 Ra5 40. Kg2 Rxa1
41. Qxa1 Nd7 42. Qa3 Bf6 43. h4 Be7 44. Qa8 Nc5 45. Be3 1/2-1/2

[Event "BL 9394 Porz-Solingen"]
[Site "?"]
[Date "1993.??.??"]
[Round "?.7"]
[White "Dueball, J."]
[Black "Brunner, L."]
[Result "0-1"]
[WhiteElo "2400"]
[BlackElo "2475"]
[PlyCount "102"]
[EventDate "1993.??.??"]

1. e4 c6 2. d4 d5 3. exd5 cxd5 4. c4 Nf6 5. Nc3 e6 6. Nf3 Be7 7. cxd5 Nxd5 8.
Bd3 Nc6 9. O-O O-O 10. Re1 Bf6 11. Be4 Nce7 12. Qd3 h6 13. Ne5 Nxc3 14. Qxc3
Nf5 15. Be3 Nxe3 16. Qxe3 Qb6 17. Qc3 Rd8 18. Rad1 Bd7 19. d5 exd5 20. Bxd5 Be6
21. Qc4 Bxe5 22. Rxe5 Qxb2 23. Ree1 Bxd5 24. Rxd5 Rxd5 25. Qxd5 Rc8 26. g4 Rc1
27. Qd8+ Kh7 28. Qd3+ g6 29. Rxc1 Qxc1+ 30. Kg2 Qc6+ 31. f3 b5 32. h4 Qc4 33.
Qa3 Qe2+ 34. Kg3 Qe1+ 35. Kf4 a5 36. Qb3 Qd2+ 37. Ke4 Kg7 38. Qd5 Qc2+ 39. Ke5
a4 40. Kd6 Qc4 41. Qe5+ Kg8 42. Qd5 Kh7 43. g5 h5 44. Ke5 Qc3+ 45. Ke4 Qc7 46.
Qxb5 Qc2+ 47. Kd4 Qxa2 48. Kc3 Qa1+ 49. Kc2 Qd4 50. Qb7 Kg7 51. Kb1 Qxh4 0-1

[Event "BL 9394 Porz-Solingen"]
[Site "?"]
[Date "1993.??.??"]
[Round "?.8"]
[White "Van Wely, L."]
[Black "Schmidt, B."]
[Result "1-0"]
[WhiteElo "2585"]
[BlackElo "2340"]
[PlyCount "123"]
[EventDate "1993.??.??"]

1. d4 d5 2. Nf3 Nf6 3. c4 c6 4. Nc3 e6 5. Bg5 h6 6. Bxf6 Qxf6 7. e3 Nd7 8. Bd3
Bb4 9. Rc1 O-O 10. O-O dxc4 11. Ne4 Qe7 12. Bxc4 e5 13. d5 Nf6 14. d6 Qd8 15.
Nxf6+ gxf6 16. Qd3 Kg7 17. Rfd1 Bg4 18. Qe4 Qd7 19. Bd3 Rg8 20. Qh7+ Kf8 21.
Qxh6+ Rg7 22. Nh4 Kg8 23. Qxf6 Qd8 24. Qxd8+ Rxd8 25. f3 Be6 26. Bc4 Rxd6 27.
Rxd6 Bxd6 28. Bxe6 fxe6 29. g3 Rc7 30. Rd1 Be7 31. Ng2 c5 32. Kf2 c4 33. Ke2 b5
34. e4 Bc5 35. Ne3 Kf7 36. h4 Bd4 37. Rd2 b4 38. Rc2 Bxe3 39. Kxe3 Kf6 40. g4
a5 41. g5+ Kg6 42. f4 Kh5 43. fxe5 Kxh4 44. g6 Rg7 45. Rg2 Kh3 46. Rg5 a4 47.
Kd4 c3 48. bxc3 b3 49. axb3 axb3 50. Rg1 Kh2 51. Rb1 Rxg6 52. Rxb3 Kg3 53. Rb8
Rg7 54. Rf8 Rd7+ 55. Kc5 Rc7+ 56. Kd6 Rxc3 57. Kxe6 Rd3 58. Ke7 Rd4 59. e6 Rxe4
60. Kd7 Rd4+ 61. Ke8 Kg4 62. e7 1-0

[Event "BL 9394 Dortmund-Porz"]
[Site "?"]
[Date "1993.??.??"]
[Round "?.1"]
[White "Lutz, C."]
[Black "Beckhuis, G."]
[Result "1-0"]
[WhiteElo "2605"]
[BlackElo "2300"]
[PlyCount "75"]
[EventDate "1993.??.??"]

1. d4 Nf6 2. Nf3 g6 3. c4 Bg7 4. Nc3 O-O 5. e4 d6 6. Be2 e5 7. O-O Nc6 8. d5
Ne7 9. b4 Nh5 10. g3 f5 11. Ng5 Nf6 12. f3 f4 13. Kg2 h6 14. Ne6 Bxe6 15. dxe6
c6 16. b5 Qc7 17. Ba3 Rfd8 18. bxc6 bxc6 19. Rb1 Qc8 20. Qa4 Qxe6 21. Rb7 h5
22. Rd1 g5 23. Qb4 c5 24. Qb5 g4 25. Nd5 Nexd5 26. cxd5 Qc8 27. Qc6 gxf3+ 28.
Bxf3 Ng4 29. Rg1 Rf8 30. Bc1 Qxc6 31. dxc6 Rac8 32. h3 Ne3+ 33. Kf2 Rf7 34.
gxf4 exf4 35. Bb2 Rcc7 36. Rxc7 Rxc7 37. Rxg7+ Rxg7 38. Bxg7 1-0

[Event "BL 9394 Dortmund-Porz"]
[Site "?"]
[Date "1993.??.??"]
[Round "?.2"]
[White "Mainka, G."]
[Black "Hort, V."]
[Result "0-1"]
[WhiteElo "2385"]
[BlackElo "2530"]
[PlyCount "82"]
[EventDate "1993.??.??"]

1. d4 d6 2. Nf3 Bg4 3. Bf4 Bxf3 4. gxf3 Nf6 5. e4 Nbd7 6. Nc3 g6 7. Qd2 c6 8.
O-O-O Bg7 9. Kb1 Qc7 10. Bh6 Bxh6 11. Qxh6 Qa5 12. Bc4 Rg8 13. Qe3 e6 14. d5
cxd5 15. exd5 e5 16. f4 Kf8 17. fxe5 Nxe5 18. Qh6+ Rg7 19. Be2 Rc8 20. Qf4 Ne8
21. h4 h5 22. Ne4 Qc7 23. c3 Kg8 24. Bb5 f5 25. Ng5 Nf6 26. Ne6 Qb6 27. Nxg7
Kxg7 28. Qb4 a5 29. Qb3 Qxf2 30. Bd3 b6 31. Qc2 Nfg4 32. Rd2 Qe3 33. Bb5 Rf8
34. a4 f4 35. Rf1 f3 36. Rd4 f2 37. Re4 Qg3 38. Qe2 Qxh4 39. Qd2 Rf6 40. Qd4
Qg3 41. Qxb6 Nh2 0-1

[Event "BL 9394 Dortmund-Porz"]
[Site "?"]
[Date "1993.??.??"]
[Round "?.3"]
[White "Hickl, J."]
[Black "Kalka, A."]
[Result "1-0"]
[WhiteElo "2570"]
[BlackElo "2345"]
[PlyCount "83"]
[EventDate "1993.??.??"]

1. g3 c5 2. Bg2 g6 3. c4 Nc6 4. Nc3 Bg7 5. a3 d6 6. Rb1 a5 7. d3 e5 8. Nf3 Nge7
9. Nd2 O-O 10. Nf1 f5 11. Bg5 h6 12. Bxe7 Nxe7 13. Ne3 f4 14. Ned5 Nxd5 15.
Bxd5+ Kh8 16. O-O Bh3 17. Bxb7 Bxf1 18. Bxa8 Bxe2 19. Qxe2 Qxa8 20. Qe4 Qxe4
21. dxe4 Rb8 22. Nb5 Bf8 23. Kg2 Kg7 24. Kf3 g5 25. Rd1 Rb6 26. gxf4 gxf4 27.
Rg1+ Kf6 28. h4 Rb7 29. b3 Rh7 30. h5 Rd7 31. Rg6+ Kf7 32. Kg4 Rd8 33. Kf5 Rd7
34. Rf6+ Kg7 35. Rg6+ Kf7 36. Rf6+ Kg7 37. f3 Rb7 38. Rg6+ Kh7 39. Ke6 Rb8 40.
Kf7 a4 41. bxa4 Ra8 42. Rg8 1-0

[Event "BL 9394 Dortmund-Porz"]
[Site "?"]
[Date "1993.??.??"]
[Round "?.7"]
[White "Brunner, L."]
[Black "Straeter, T."]
[Result "1-0"]
[WhiteElo "2475"]
[BlackElo "2355"]
[PlyCount "97"]
[EventDate "1993.??.??"]

1. d4 d5 2. c4 e6 3. Nf3 Nf6 4. Nc3 Nbd7 5. cxd5 exd5 6. Bf4 c6 7. e3 Be7 8. h3
O-O 9. Qc2 Re8 10. Bd3 Nf8 11. O-O-O Ng6 12. Bh2 Bd6 13. g4 Bxh2 14. Nxh2 Qa5
15. Kb1 Be6 16. f4 Nf8 17. Nf3 b5 18. Ne5 Rec8 19. f5 Bd7 20. Rhg1 Be8 21. Ne2
c5 22. dxc5 N6d7 23. Nxd7 Nxd7 24. Nf4 Rxc5 25. Qd2 Qxd2 26. Rxd2 Nb6 27. Be2
Rac8 28. Rgd1 Bc6 29. Rd4 Kf8 30. Bf3 Re8 31. R1d3 Bb7 32. Nxd5 Nxd5 33. Bxd5
Bxd5 34. Rxd5 Rxd5 35. Rxd5 Rxe3 36. Rxb5 Rxh3 37. g5 Rh5 38. Rb8+ Ke7 39. Rb7+
Kd6 40. Rxa7 Rxg5 41. Rxf7 Ke5 42. a4 h5 43. a5 h4 44. a6 Rh5 45. a7 Rh8 46.
Rxg7 Kxf5 47. Rh7 Ra8 48. b4 Ke5 49. b5 1-0

[Event "BL 9394 Dortmund-Porz"]
[Site "?"]
[Date "1993.??.??"]
[Round "?.8"]
[White "Gabler, B."]
[Black "Van Wely, L."]
[Result "0-1"]
[WhiteElo "2315"]
[BlackElo "2585"]
[PlyCount "54"]
[EventDate "1993.??.??"]

1. d4 Nf6 2. Nf3 g6 3. c4 Bg7 4. Nc3 d6 5. e4 O-O 6. h3 e5 7. dxe5 dxe5 8. Qxd8
Rxd8 9. Bg5 Nbd7 10. O-O-O Rf8 11. Nd2 c6 12. Be3 Re8 13. c5 Bf8 14. b4 a5 15.
a3 b6 16. b5 Bb7 17. Nc4 Nxc5 18. Nxb6 Rad8 19. Rxd8 Rxd8 20. Bg5 Be7 21. Nc4
cxb5 22. Nxb5 Ncxe4 23. Be3 Nd5 24. Nxa5 Nxe3 25. fxe3 Bd5 26. Kb2 Ng3 27. Rg1
Ra8 0-1

[Event "BL 9394 Solingen-Koblenz"]
[Site "?"]
[Date "1993.??.??"]
[Round "?.1"]
[White "Seul, G."]
[Black "Chandler, M."]
[Result "1/2-1/2"]
[WhiteElo "2425"]
[BlackElo "2565"]
[PlyCount "121"]
[EventDate "1993.??.??"]

1. d4 Nf6 2. Nf3 e6 3. Bg5 c5 4. e3 h6 5. Bxf6 Qxf6 6. Nc3 cxd4 7. exd4 Bb4 8.
Qd2 O-O 9. Bd3 d5 10. O-O Nc6 11. a3 Bd6 12. Rfe1 Kh8 13. Bf1 Bd7 14. Rad1 Rad8
15. Qe3 Bc7 16. Na2 Qf4 17. Qe2 Qd6 18. g3 Bb6 19. c3 Na5 20. Qc2 Nc4 21. Nb4
Rc8 22. Nd3 a5 23. Nde5 Nxe5 24. Nxe5 Be8 25. Bh3 Bd8 26. Re3 b5 27. Rde1 Bb6
28. Qe2 b4 29. axb4 axb4 30. Qa6 Qd8 31. Qa1 Rb8 32. Nd3 bxc3 33. bxc3 Bc7 34.
f4 Bd6 35. Qd1 Qc7 36. Qd2 Rb3 37. Ne5 Qb8 38. R1e2 Rb1+ 39. Kf2 Qb3 40. c4 Qb7
41. c5 Bxe5 42. Rxe5 Bd7 43. f5 exf5 44. Bxf5 Bxf5 45. Rxf5 Rh1 46. Kg2 Qb1 47.
Qf4 Rg1+ 48. Kh3 Qb7 49. Rfe5 Qc6 50. Re1 Rxe1 51. Rxe1 Kg8 52. Re2 Qb5 53. Re5
Qc4 54. Re1 Qa4 55. Rb1 Qd7+ 56. Kg2 Qe6 57. Rb8 Qe2+ 58. Kg1 Qe1+ 59. Kg2 Qe2+
60. Kg1 Qe1+ 61. Kg2 1/2-1/2

[Event "BL 9394 Solingen-Koblenz"]
[Site "?"]
[Date "1993.??.??"]
[Round "?.2"]
[White "Norwood, D."]
[Black "Reschke, S."]
[Result "1-0"]
[WhiteElo "2515"]
[BlackElo "2380"]
[PlyCount "79"]
[EventDate "1993.??.??"]

1. Nf3 Nf6 2. b3 g6 3. Bb2 Bg7 4. d4 O-O 5. e3 d6 6. Be2 a5 7. O-O c6 8. Nbd2
d5 9. Ne5 Qb6 10. c4 Be6 11. f4 c5 12. Rc1 cxd4 13. Bxd4 Qd8 14. cxd5 Nxd5 15.
Ndc4 f6 16. Nd3 Bf7 17. Nc5 b5 18. Nb7 Qd7 19. Ncxa5 Na6 20. a4 Nac7 21. e4
Nxf4 22. Rxf4 Ne6 23. Be3 Qxd1+ 24. Rxd1 Nxf4 25. Bxf4 bxa4 26. bxa4 Rfc8 27.
Bb5 Rc2 28. Be3 f5 29. Nc6 fxe4 30. Nxe7+ Kf8 31. Nc6 Kg8 32. Nd6 Bb3 33. Ne7+
Kf8 34. Nc6 Kg8 35. a5 Kh8 36. a6 Rc3 37. Re1 Rxa6 38. Bxa6 Rxc6 39. Rb1 Bg8
40. Rb8 1-0

[Event "BL 9394 Solingen-Koblenz"]
[Site "?"]
[Date "1993.??.??"]
[Round "?.3"]
[White "Fritsche, L."]
[Black "Podzielny, KH."]
[Result "0-1"]
[WhiteElo "2375"]
[BlackElo "2470"]
[PlyCount "78"]
[EventDate "1993.??.??"]

1. e4 c5 2. Nc3 Nc6 3. g3 g6 4. d3 Bg7 5. Be3 d6 6. Qd2 e5 7. Bg2 h5 8. h3 Nge7
9. f4 Be6 10. Nf3 Nd4 11. Ng5 h4 12. g4 exf4 13. Bxf4 Nec6 14. O-O Ne5 15. Ne2
Nxe2+ 16. Qxe2 Qe7 17. c3 Nc6 18. Rad1 O-O-O 19. Qe3 Bxa2 20. d4 Bc4 21. Rfe1
Rhe8 22. b4 cxd4 23. cxd4 f6 24. Nf3 d5 25. Nxh4 Qxb4 26. Nxg6 Qb6 27. Nh4 Bf8
28. Nf5 Bb4 29. Rb1 Qa5 30. Rec1 b5 31. g5 fxg5 32. Bxg5 Rd7 33. e5 Rf7 34. Qf4
Ref8 35. Bf6 Rxf6 36. exf6 Rxf6 37. Bxd5 Bxd5 38. Qe5 Qa2 39. Qe8+ Kc7 0-1

[Event "BL 9394 Solingen-Koblenz"]
[Site "?"]
[Date "1993.??.??"]
[Round "?.4"]
[White "Zysk, R."]
[Black "Schlick, V."]
[Result "1-0"]
[WhiteElo "2440"]
[BlackElo "2315"]
[PlyCount "77"]
[EventDate "1993.??.??"]

1. d4 Nf6 2. c4 g6 3. Nc3 d5 4. Bg5 Ne4 5. Bf4 Nxc3 6. bxc3 Bg7 7. e3 c6 8. Qb3
O-O 9. Nf3 dxc4 10. Bxc4 b5 11. Be2 Nd7 12. a4 bxa4 13. Qxa4 c5 14. O-O cxd4
15. cxd4 Nb6 16. Qc6 Be6 17. Qb7 Nd5 18. Rxa7 h6 19. Rxa8 Qxa8 20. Qxa8 Rxa8
21. Rc1 f6 22. Bg3 Ra2 23. Bc4 Ra7 24. e4 Nc7 25. d5 Bf7 26. Nd4 Ne8 27. Nc6
Rd7 28. f3 h5 29. Rb1 Bh6 30. Ba6 Be3+ 31. Kf1 e5 32. Rb8 Kg7 33. Bb5 Rc7 34.
Nxe5 h4 35. Nxf7 hxg3 36. hxg3 Ba7 37. Rxe8 Kxf7 38. d6 Rc2 39. Re7+ 1-0

[Event "BL 9394 Solingen-Koblenz"]
[Site "?"]
[Date "1993.??.??"]
[Round "?.5"]
[White "Polster, W."]
[Black "Reeh, O."]
[Result "1/2-1/2"]
[WhiteElo "2370"]
[BlackElo "2435"]
[PlyCount "48"]
[EventDate "1993.??.??"]

1. e4 c5 2. Nc3 Nc6 3. g3 g6 4. Bg2 Bg7 5. d3 d6 6. Be3 b6 7. Nf3 Bb7 8. O-O
Nf6 9. h3 O-O 10. Qd2 d5 11. exd5 Nxd5 12. Bh6 Nd4 13. Bxg7 Kxg7 14. Nxd4 cxd4
15. Nb5 e5 16. c4 dxc3 17. bxc3 Qd7 18. c4 Ne7 19. Bxb7 Qxb7 20. Qb2 Nc6 21.
Rad1 Rad8 22. d4 exd4 23. Nxd4 Kg8 24. Rfe1 Nxd4 1/2-1/2

[Event "BL 9394 Solingen-Koblenz"]
[Site "?"]
[Date "1993.??.??"]
[Round "?.7"]
[White "Hammes, M."]
[Black "Dueball, J."]
[Result "1/2-1/2"]
[WhiteElo "2220"]
[BlackElo "2400"]
[PlyCount "48"]
[EventDate "1993.??.??"]

1. d4 Nf6 2. c4 c5 3. d5 g6 4. Nc3 Bg7 5. e4 d6 6. Nf3 O-O 7. Be2 e6 8. O-O
exd5 9. exd5 Bg4 10. h3 Bxf3 11. Bxf3 Nbd7 12. Bf4 Ne8 13. Qd2 Ne5 14. Be2 f5
15. Bh6 Bxh6 16. Qxh6 Qf6 17. Qd2 Nc7 18. f4 Nd7 19. Kh1 Rae8 20. Rae1 Re7 21.
Bd3 Rfe8 22. Rxe7 Rxe7 23. Re1 Rxe1+ 24. Qxe1 Kf7 1/2-1/2

[Event "BL 9394 Castrop Rauxel-Erfurt"]
[Site "?"]
[Date "1993.??.??"]
[Round "?.2"]
[White "King, D."]
[Black "Casper, T."]
[Result "1/2-1/2"]
[WhiteElo "2455"]
[BlackElo "2440"]
[PlyCount "54"]
[EventDate "1993.??.??"]

1. e4 e6 2. d4 d5 3. Nd2 c5 4. exd5 exd5 5. Ngf3 Nc6 6. Bb5 Bd6 7. dxc5 Bxc5 8.
O-O Nge7 9. Nb3 Bb6 10. Re1 O-O 11. Be3 Bf5 12. c3 Be4 13. Nbd2 Bxe3 14. Rxe3
Qb6 15. Qb3 Nf5 16. Ree1 Nd6 17. Bf1 Qxb3 18. axb3 a5 19. Nxe4 Nxe4 20. Rad1
Rfd8 21. c4 Nf6 22. cxd5 Nxd5 23. Ng5 h6 24. Ne4 Ndb4 25. Nc5 b6 26. Rxd8+ Rxd8
27. Na4 Nd4 1/2-1/2